Paroles de Yvnnis - Statistiques

Statistiques générales
  • Ce quiz a été pris 26 fois
  • Le résultat moyen est 3 sur 7
Statistiques - réponses
Hint Réponse % Correct
"J'remplis mon verre dans une soirée où j'm'amuse même pas…" Héros
86%
"Pour la mala, pour les billets, tu t’es retrouvé dans des dièses…" Oublié
62%
"Hey, j’compte plus les roses, j’vois que les épines que j’ai dans le cœur…" Certifié
43%
"J’suis bien trop cru dans toutes mes phrases, elle kiffe mes barz, elle kiffe mes phases…" Encore
29%
"Y a qu’la cons’ qui peut calmer mes gens…" Je(u)
24%
"J'veux des sque-di du même métal que les poignées…" Joaillier
24%
"J’évolue, j’ai connu un tas d’bâtards qui voulaient pas que j’fasse ma place…" Sur le Gun
24%
Aucun quiz correspondant
Distribution des résultats
% des personnes avec chaque résultat
Percentile par nombre de réponses
Votre historique - résultats
Vous n’avez pas pris ce quiz